Word Ladder: Market Trends Quiz Stats

 Plays Quiz Updated May 8, 2012

Support Sporcle.
Go Orange.
Score 0/12 Timer 01:00
0 Plays Today
Clue Word % Correct
Like Shaquille O'Neal, perhapsTALL
86.5%
Thoroughfare chargeTOLL
86.4%
Interpret written materialREAD
82.7%
A formal social gathering for dancingBALL
82.3%
Backside of somethingREAR
82.1%
Instructed someone verballyTOLD
79.2%
Confident and courageousBOLD
77.6%
Debt securityBOND
68.5%
Market to sell in?BEAR
68.2%
Force into an angleBEND
66.7%
Market to buy in?BULL
64.1%
Tear into piecesREND
62.5%

Today's Daily Dose

Missing Word
'80s Musicals

Word Ladder
Hereditary

Get the Picture
Food Names

From the Vault

Movie by College

by cvance52

Movies 7m
These movies can't be accurate at all, none of them ever showed anyone playing Sporcle.
Remove Ads.
Support Sporcle.
Get the best of Sporcle when you Go Orange. This ad-free experience offers more features, more stats, and more fun while also helping to support Sporcle. Thank you for becoming a member.

Show Comments

Extras

Top Quizzes Today


Score Distribution

Your Account Isn't Verified!

In order to create a playlist on Sporcle, you need to verify the email address you used during registration. Go to your Sporcle Settings to finish the process.

Report this User

Report this user for behavior that violates our Community Guidelines.

Details: